Statistics for Top 5 Producers per Product

Click here to take the quiz!

General Stats

  • This quiz has been taken 73 times
  • The average score is 16 of 30

Answer Stats

ProductCountry% Correct
Athletic ShoesNike
99%
Fast FoodMcDonalds
96%
Athletic ShoesAdidas
94%
SmartphonesApple
93%
CarsToyota
92%
SmartphonesSamsung
90%
PizzaPizza Hut
87%
CarsFord
86%
PizzaDomino's
83%
Fast FoodBurger King
83%
Fast FoodKFC
66%
CarsVolkswagen
65%
Athletic ShoesPuma
63%
Bottled WaterEvian
58%
SmartphonesHuawei
52%
Fast FoodSubway
52%
PizzaPapa John's
49%
CarsMercedes
44%
Bottled WaterPure Life
39%
CarsGMC
37%
Athletic ShoesNew Balance
32%
Athletic ShoesASICS
28%
PizzaLittle Caesar's
25%
Fast FoodStarbucks
20%
Bottled WaterFiji
20%
SmartphonesXiaomi
10%
SmartphonesOppo
3%
PizzaPapa Murphy's
1%
Bottled WaterVoss
1%
Bottled WaterMountain Valley
0%

Score Distribution

Percentile by Number Answered

Percent of People with Each Score

Your Score History

You have not taken this quiz